000 00741nam a2200205Ii 4500
003 JO-AjNU
008 230605s9999||||xx |||||||||||||| ||und||
040 _aJO-AjNU
_bara
_erda
_cJO-AjNU
041 _aara
050 1 4 _aBP190.5.P35.S2932 1988
100 3 _aالسيوطي، جلال الدين عبد الرحمن ؛ دراسة وتحقيق: مصطفى عبد القادر عطا,
_eauthor
_934621
245 0 0 _aالأرج في الفرج
264 3 1 _aبيروت: دار الكتب العلمية، 1988
300 _a87ص
336 _atext
_btxt
_2rdacontent
337 _aunmediated
_bn
_2rdamedia
338 _avolume
_bnc
_2rdacarrier
490 0 _aمن رسائل السيوطي 8
650 4 _aالصبر- الاسلام
_934622
999 _aA14214
_c17782
_d17782